Relatively made relatively easy Volume 2 : general relativity and cosmology (Record no. 83456)
[ view plain ]
| 000 -LEADER | |
|---|---|
| fixed length control field | 00850 a2200253 4500 |
| 003 - CONTROL NUMBER IDENTIFIER | |
| control field | CBULib |
| 005 - DATE AND TIME OF LATEST TRANSACTION | |
| control field | 20231218090717.0 |
| 008 - FIXED-LENGTH DATA ELEMENTS--GENERAL INFORMATION | |
| fixed length control field | 231215b |||||||| |||| 00| 0 eng d |
| 020 ## - INTERNATIONAL STANDARD BOOK NUMBER | |
| International Standard Book Number | 9780192893543 |
| 040 ## - CATALOGING SOURCE | |
| Language of cataloging | English |
| Transcribing agency | CBULib |
| Description conventions | rda |
| 050 ## - LIBRARY OF CONGRESS CALL NUMBER | |
| Classification number | QC 173.6 Ste |
| 100 1# - MAIN ENTRY--PERSONAL NAME | |
| Personal name | Steane, Andrew M. |
| 9 (RLIN) | 1426 |
| 245 ## - TITLE STATEMENT | |
| Title | Relatively made relatively easy Volume 2 : general relativity and cosmology |
| Statement of responsibility, etc | / by Andrew M. Steane |
| 260 ## - PUBLICATION, DISTRIBUTION, ETC. (IMPRINT) | |
| Name of publisher, distributor, etc | Oxford University Press, |
| Date of publication, distribution, etc | 2021. |
| Place of publication, distribution, etc | Oxford : |
| 300 ## - PHYSICAL DESCRIPTION | |
| Extent | xiv, 494 pages : illustrations |
| 336 ## - CONTENT TYPE | |
| Source | rdacontent |
| Content type term | Text | |
| Content type code | txt |
| 337 ## - MEDIA TYPE | |
| Source | rdamedia |
| Media type term | Unmediated | |
| Media type code | n |
| 338 ## - CARRIER TYPE | |
| Source | rdacarrier |
| Carrier type term | Volume |
| Carrier type code | nc |
| 504 ## - BIBLIOGRAPHY, ETC. NOTE | |
| Bibliography, etc | Includes bibliographical references and an index |
| 650 #0 - SUBJECT ADDED ENTRY--TOPICAL TERM | |
| 9 (RLIN) | 754 |
| Topical term or geographic name as entry element | COSMOLOGY |
| 650 #0 - SUBJECT ADDED ENTRY--TOPICAL TERM | |
| 9 (RLIN) | 1427 |
| Topical term or geographic name as entry element | FIELD THEORY (PHYSICS) |
| 650 #0 - SUBJECT ADDED ENTRY--TOPICAL TERM | |
| 9 (RLIN) | 1428 |
| Topical term or geographic name as entry element | GENERAL RELATIVITY (PHYSICS) |
| 942 ## - ADDED ENTRY ELEMENTS (KOHA) | |
| Source of classification or shelving scheme | |
| Koha item type | MONOGRAPH |
| Withdrawn status | Lost status | Source of classification or shelving scheme | Damaged status | Not for loan | Collection code | Permanent Location | Current Location | Shelving location | Date acquired | Source of acquisition | Cost, normal purchase price | Total Checkouts | Full call number | Barcode | Date last seen | Copy number | Price effective from | Koha item type |
|---|---|---|---|---|---|---|---|---|---|---|---|---|---|---|---|---|---|---|
| Main Library Open Access Collection | CBU-MAIN LIBRARY, KITWE. | CBU-MAIN LIBRARY, KITWE. | General Stacks | 12/15/2023 | Book Aid International | 12.00 | QC 173.6 Ste | 752579 | 12/15/2023 | 1 | 12/15/2023 | MONOGRAPH |